| 000 | 01210nam a2200241 a 4500 | ||
|---|---|---|---|
| 001 | 001084155 | ||
| 003 | AM-YEHGA | ||
| 005 | 20250617164202.0 | ||
| 008 | 150604s1962 ru r 000 0 rus d | ||
| 040 | _aAM-YeHGA | ||
| 041 | 0 | _arus | |
| 100 | 1 | _aКуликова, Екатерина Михайловна | |
| 245 | 1 | 0 |
_aМетодика подсчета экономии от внедрения изобретений и рационализаторских предложений на промышленных предприятиях / _cЕ.М. Куликова; Ком. по делам изобретен. и открыт. при Сов. Мин. СССР. |
| 250 | _a2-е изд. | ||
| 260 |
_aМосквa : _bЦБТИ, _c1962. |
||
| 300 |
_a60 с. : _bтабл. ; _c22 см. |
||
| 504 | _aБиблиогр. в подстроч. примеч. | ||
| 650 | 1 | 4 | _aПрикладные знания |
| 653 | 0 | _aИзобретения-Экономия | |
| 653 | 0 | _aРационализаторские предложения- Экономия | |
| 710 | 2 | _aКомитет по делам изобретений и открытий при Совете Министров СССР | |
| 090 | _c522816 | ||
| 999 |
_c519254 _d519254 |
||